| 000 | 00698nam a2200253 a 4500 | ||
|---|---|---|---|
| 001 | adlib96000001 | ||
| 003 | ViArRB | ||
| 005 | 200902210153555.7 | ||
| 008 | 960221s1955 dcuabcdjdbkoqu001 0deng d | ||
| 020 | _a0-19-850444-6 | ||
| 022 | _a | ||
| 040 | _aAdlib | ||
| 082 | _a524.8 | ||
| 245 | _anine numbers of the cosmos | ||
| 250 | _a | ||
| 260 |
_aOxford _bOxford University _c1999 |
||
| 300 |
_axii,173p. _c |
||
| 500 | _a | ||
| 100 |
_aRowan-Robinson, Michael _e |
||
| 700 |
_a _a |
||
| 942 | _cBK | ||
| 653 |
_aCosmology _athe universe _aUniverse _aAstronomy |
||
| 952 |
_w2010-06-16 _p00047303 _r2011-12-04 _40 _00 _bUL _10 _o524.8 ROW _d2010-06-16 _70 _yBK _s2011-10-28 _l1 _aUL |
||
| 999 |
_c41056 _d41055 |
||